直通特急停車駅 - Statistics

General Stats
  • This quiz has been taken 171 times
  • The average score is 24 of 29
Answer Stats
Answer % Correct
神戸三宮
98%
山陽姫路
98%
大阪梅田
97%
尼崎
97%
甲子園
96%
高速神戸
94%
西宮
93%
山陽須磨
93%
山陽明石
92%
新開地
91%
元町
90%
芦屋
89%
御影
87%
魚崎
86%
西代
85%
飾磨
84%
西元町
81%
高速長田
79%
東二見
77%
高砂
77%
板宿
76%
山陽垂水
74%
大開
71%
舞子公園
66%
月見山
63%
大塩
62%
滝の茶屋
59%
白浜の宮
57%
荒井
53%
No matching quizzes found
Score Distribution
Percent of People with Each Score
Percentile by Number Answered
Your Score History
You have not taken this quiz